الفن التشكيلي الحديث و المعاصر في مصر (notice n° 8310)
[ vue normale ]
| 000 -Label | |
|---|---|
| leader | 01407nam a2200229 4500 |
| 099 ## - Informations locales | |
| Type de document | Livre |
| 100 ## - Données générales de traitement | |
| a | 20250612d u||y0frey5050 ba |
| 101 ## - Langue | |
| langue document | arabe |
| 102 ## - Pays d'édition ou de production | |
| pays d'édition | Tunisie |
| 200 ## - Titre | |
| titre propre | الفن التشكيلي الحديث و المعاصر في مصر |
| type de document | Livre |
| auteur | رشدي اسكندر |
| auteur secondaire | كمال الملاخ |
| -- | صبحي الشاروني |
| 210 ## - Editeur | |
| lieu de publication | Tunis |
| nom de l'éditeur | المنظمة العربية للتربية و الثقافة و العلوم |
| date de publication | 1998 |
| 215 ## - Description | |
| Importance matérielle | 189p. |
| autres carac. | couv.ill. |
| format | 27x24 |
| 606 ## - sujets | |
| sujet | الفن التشكيلي الحديث و المعاصر في مصر |
| subdiv. sujet | ما قبل القرن العشرين |
| -- | مدرسة الفنون الجميلة |
| -- | المثال محمود مختار |
| -- | الحركة الفنية في الاسكندرية |
| -- | التربية الفنية |
| -- | جيل التمرد و الثورة |
| -- | حرب 1956 و تأثيرها على الفن المصري |
| -- | القضايا الفكرية في الفن المصري |
| -- | الاتجاهات الفنية في مصر |
| -- | قضية الأصالة و المعاصرة |
| koha internal code | 21506 |
| 700 ## - Auteur | |
| code de fonction | Auteur |
| auteur | اسكندر |
| prénom | رشدي |
| koha internal code | 21478 |
| 701 ## - coauteur | |
| code de fonction | Auteur |
| nom | الملاخ |
| prénom | كمال |
| koha internal code | 21507 |
| 701 ## - coauteur | |
| code de fonction | Auteur |
| nom | الشاروني |
| prénom | صبحي |
| koha internal code | 21508 |
| 701 ## - coauteur | |
| code de fonction | Conception Graphique |
| nom | الخشين |
| prénom | عبد الرزاق |
| koha internal code | 21479 |
| 701 ## - coauteur | |
| code de fonction | Conseiller artistique |
| nom | اللواتي |
| prénom | علي |
| koha internal code | 5187 |
| 801 ## - source de catalogage | |
| pays | TN |
| agence de catalogage | 32BIS |
| date de la transaction | 20250612 |
| règles de catalogage utilisées | UNIMARC |
| 830 ## - note | |
| catalogeur | MS |
| Propriétaire | Dépositaire | Localisation | Code barre | Numéro Inventaire | Cote | Note | Statut |
|---|---|---|---|---|---|---|---|
| The 32bis Library | The 32bis Library | Salle de lecture 32BIS | 006151 | 6071 | 709.62 SKA | FILT | Consultable sur place |